تحميل...

Kalathinte vakshassil Orormmathuruth

التفاصيل البيبلوغرافية
المؤلف الرئيسي: Radhalakshmi Padmarajan
منشور في: DCBooks
LEADER 00210 a2200097 4500
020
260 |b DCBooks 
942 |c BK  |6 _ 
245 |a Kalathinte vakshassil Orormmathuruth  
100 |a Radhalakshmi Padmarajan 
999 |c 63697  |d 63697